000 00316nam a22001457a 4500
008 210308b ||||| |||| 00| 0 eng d
020 _a0130605417
041 _aeng
080 _a334.7
082 _a334.7
100 _a55
101 _aMF
245 _aBasic Financial Management
_cMartin,D.J
942 _2udc
_cBK
999 _c56023
_d56023